[Event "Tilburg"]
[Site "Tilburg"]
[Date "1993.??.??"]
[Round "1"]
[White "Boersma, Paul"]
[Black "Beliavsky, Alexander G"]
[Result "1/2-1/2"]
[WhiteElo "2365"]
[BlackElo "2635"]
[Annotator "Donev,I"]
[PlyCount "104"]
[EventDate "1993.11.??"]
[EventType "k.o."]
[EventRounds "7"]
[EventCountry "NED"]
[SourceTitle "CBM 039"]
[Source "ChessBase"]
[SourceDate "1994.04.01"]
[SourceVersion "1"]
[SourceVersionDate "1994.04.01"]
[SourceQuality "1"]

1. c4 e6 2. g3 d5 3. Bg2 Nf6 4. Nf3 Be7 5. O-O O-O 6. b3 a5 7. Nc3 Bd7 $146 (
7... d4 8. Nb5 Nc6 9. d3 e5 10. Ba3 Bf5 11. Bxe7 Qxe7 12. Nd2 Rad8 13. Qc1 Rfe8
14. Qa3 Qxa3 15. Nxa3 e4 $1 $15 16. dxe4 Nxe4 17. Nxe4 Bxe4 18. Bxe4 Rxe4 19.
Rfe1 Nb4 $1 $15 {/\c6 ,פa3 Peterlunger,E-Donev,I Schweiiz 1993}) 8. d4 a4 9.
cxd5 Nxd5 (9... exd5 10. Nxa4 Bxa4 11. bxa4 Nbd7 (11... Nc6 $6 12. Rb1 Na5 13.
Ne5 $14) 12. Bd2 Nb6 13. a5 Nc4 14. Rb1 $14) 10. Nxa4 Bxa4 11. bxa4 Nc6 12. Qb3
(12. e4 Nc3 13. Qd3 (13. Qc2 Nxd4 14. Nxd4 Qxd4 15. Bb2 Bf6 16. Rac1 Ne2+ $1
$10) 13... Nxd4 14. Nxd4 Qxd4 $1 15. Qxd4 Ne2+ 16. Kh1 Nxd4 $15 {/\Ra4}) 12...
Ra6 13. Rd1 (13. Qxb7 $4 Rb6 $19) 13... Rb6 (13... Nb6 $5) 14. Qc2 Ncb4 15. Qd2
Qa8 16. e4 Nf6 (16... Qxa4 $5 17. exd5 Nc2 18. dxe6 fxe6 $15) 17. Qe2 Qxa4 18.
Bf4 Rc6 19. Rd2 (19. Rac1 Rxc1 20. Rxc1 c6 21. Rb1 Ra8 $13) 19... Rc3 20. Ne5
c6 21. Rb1 Rd8 $10 (21... Ra8 $5 {/\Ra3 oder Qa6}) 22. h4 b5 23. Rbb2 h6 24.
Kh2 Qa7 25. Be3 Qa3 26. Bf3 Nd7 27. Nxd7 Rxd7 28. Bg2 Bf6 29. Qg4 Kf8 (29...
Nd3 30. Bxh6 (30. Rb3 $1 Rxb3 31. axb3 Qxb3 32. e5 $16) 30... Nxb2 31. e5 Kf8
$1 32. exf6 gxh6 33. Qg7+ Ke8 34. Rxb2 $13 Rxd4) 30. Qd1 Rd8 31. Rb3 Rxb3 32.
axb3 Be7 33. d5 cxd5 (33... e5 34. d6 Bf6 35. d7 $16) 34. exd5 Nxd5 35. Bxd5
exd5 36. Rxd5 Qa8 37. Rxd8+ Qxd8 $10 38. Qc2 (38. Qxd8+ Bxd8 39. Kg2 Ke7 40.
Kf3 $10) 38... Kg8 39. Qc6 b4 40. Bb6 Qb8 41. Kg2 Bf8 42. Bc5 Bxc5 43. Qxc5
Qa8+ 44. Kh2 Qf3 45. Qxb4 Qxf2+ 46. Kh3 Qf3 47. Kh2 Kh7 48. Qc4 g5 49. hxg5
hxg5 50. g4 Qf2+ 51. Kh3 Qf3+ 52. Kh2 Qf2+ 1/2-1/2

[Event "BEL-chT 1718"]
[Site "Belgium"]
[Date "2017.12.03"]
[Round "5.1"]
[White "Edouard, Romain"]
[Black "De Wachter, Matthias"]
[Result "1-0"]
[WhiteElo "2607"]
[BlackElo "2336"]
[Annotator "Edouard,R"]
[PlyCount "65"]
[EventDate "2017.09.24"]
[EventType "team-tourn"]
[EventRounds "11"]
[EventCountry "BEL"]
[SourceTitle "CBM 182"]
[Source "ChessBase"]
[SourceDate "2018.01.17"]
[SourceVersion "1"]
[SourceVersionDate "2018.01.17"]
[SourceQuality "1"]
[WhiteTeam "KGSRL"]
[BlackTeam "TSM"]
[WhiteTeamCountry "BEL"]
[BlackTeamCountry "BEL"]

1. Nf3 d5 2. c4 e6 3. g3 Nf6 4. Bg2 Be7 5. O-O O-O 6. b3 b6 ({The position we
got after 10 moves is also often obtained through the follow move order:} 6...
c5 7. Bb2 Nc6 8. e3 b6 9. Nc3 dxc4 10. bxc4 Bb7) 7. Bb2 Bb7 8. e3 dxc4 9. bxc4
c5 10. Qe2 Nc6 11. Nc3 Qc7 {It is now known that this is the best square, and
start of the best plan. Black wants to put his pieces as happened in that game,
and play to push ...b6-b5.} ({For example} 11... Rc8 {is a worse plan:} 12.
Rad1 $5 Qc7 (12... Qd7 $6 {not targetting the c4-pawn allows} 13. d4 $1 {
as Adrien Demuth points out in his book on the Reti:} cxd4 14. exd4 Bb4 15. d5
Na5 16. Ne5 $14) 13. Nh4 $5 ({In his book Adrien Demut even suggests the same
idea but placing the knight to e1, avoiding ...Bxh4 later.} 13. Ne1 $1 a6 14.
f4 Na7 15. f5 $1 $146 Bxg2 16. Nxg2 Nc6 17. Nf4 $1 $14 {and the tension is
unfavourable to Black.}) 13... Ne8 14. f4 Bxh4 15. gxh4 Ne7 16. h5 Bxg2 17.
Qxg2 Qc6 18. e4 f5 19. d3 $36 {1-0 (96) Cordova,E (2609)-Lopez Martinez,J 
(2548) Catalunya 2014}) ({Black may also start with the move} 11... a6 $5) 12.
d3 (12. Nb5 {has been tried notably by Kramnik, but after} Qd7 {followed by ...
a6, Black may just transpose going ...Qc7.}) 12... a6 13. Rab1 Rab8 14. Ba1
Rfd8 15. Rfd1 Na7 $1 {[%cal Gb6b5] The right plan. Black wants to play ...b5.}
(15... Ba8 16. Ne1 $1 {is slightly favourable for White as Black will lose
time with his ...b6-b5:} Na7 17. Bxa8 Rxa8 18. g4 $1 {and White's position is
just nice to play, e.g.} Rab8 19. g5 Ne8 20. h4 b5 21. Qg4 bxc4 22. Rxb8 Qxb8
23. Qxc4 Nb5 24. Ne4 $14 {1/2-1/2 (40) Bukavshin,I (2648)-Lysyj,I (2677) Sochi
RUS 2015}) 16. Qc2 $5 {This plan is suggested by Adrien in his book. It
prevents ...b5 right away and the idea is to play Ne2-Nf4.} (16. d4 b5 $1 $146
{is just fine for Black.}) (16. a4 Nc6 {[%csl Rb4] is always good for Black as
well.}) 16... Bc6 {The most natural, but perhaps not the most precise.} ({
Here I believe} 16... Ba8 $1 {is critical:} 17. Qa4 {(the only try)} (17. Ne2
Nc6 $11) 17... Bb7 $5 (17... b5 $5 18. Qxa6 (18. cxb5 $2 axb5 19. Nxb5 Rxb5 $1
20. Rxb5 Bc6 $17) 18... Rd6 (18... b4 $5) 19. Qa3 b4 20. Qb3 {and although
Black has compensation, it is not easy to prove equality here.}) {and if White
plays} 18. Ne2 {Black just answers} b5 19. Qc2 Nd7 $11) (16... b5 $2 {was no
longer possible since after} 17. cxb5 axb5 18. Nxb5 Nxb5 19. Rxb5 Bxf3 {
there is no longer a hanging queen on e2:} 20. Rxb8 Bxd1 21. Rxd8+ Qxd8 22.
Qxd1 $18) 17. Ne2 Qb7 (17... Nd7 18. Nf4 Qb7 19. Qe2 b5 20. d4 Be4 21. d5 $1
$44 {1-0 (42) Kovalevskaya,E (2417)-Zhao,X (2556) Jermuk ARM 2012}) 18. e4 {
Now White has got what he wanted, as Black didn't manage to play ...b5 in good
circumstances.} Nd7 (18... Nxe4 19. dxe4 Bxe4 20. Qb3 Bxb1 21. Rxb1 $14) 19.
Ne5 $5 Bf6 $6 (19... Nxe5 $1 {looked critical to me:} 20. Bxe5 Bd6 21. Bxd6 (
21. Ba1 {is a bit better for White, but Black is very solid.}) 21... Rxd6 22.
d4 cxd4 23. c5 d3 $1 24. Rxd3 Rxd3 25. Qxd3 Qc7 {and Black should be able to
hold.}) 20. Nxd7 Qxd7 21. Bxf6 Ba4 22. Qc1 gxf6 23. Re1 $1 {The point! Giving
away the (useless) d3-pawn to enable the white queen to go to h6.} (23. Rd2 {
is nevertheless also good for White.}) 23... Kg7 $2 (23... Qxd3 $1 {was
critical, although in the game I thought it was just winning for White:} 24.
Qh6 e5 $8 25. Rbc1 $5 (25. Qxf6 Nc6 $132) 25... Qd2 $8 26. Qxf6 Nc6 $8 27. Nc3
Rd6 28. Qf5 b5 {and the engine says Black's position is playable!}) 24. Nf4 Qd6
(24... Qd4 {looked to me like the only move, but it loses:} 25. Nh5+ Kg6 26. e5
$3 {(/\ Re4)} f5 (26... Kxh5 27. Re4 $18) 27. Nf4+ Kg7 28. Nxe6+ $1 fxe6 29.
Qg5+ Kf7 30. Qf6+ Kg8 31. Qxe6+ Kh8 32. Qf6+ Kg8 33. Rxb6 $18) 25. Nh5+ Kg6 26.
Nxf6 Qxd3 (26... Qe5 27. Ng4 Qg5 28. Ne3 Rxd3 29. e5 $18) 27. Qf4 $1 Qd2 28.
Re3 Bc2 29. Ng4 f5 30. Qh6+ Kf7 31. Qxh7+ Kf8 32. Ne5 Bxb1 33. Qf7# 1-0

[Event "EU-chT (Men) 21st"]
[Site "Heraklion"]
[Date "2017.11.04"]
[Round "7.1"]
[White "Edouard, Romain"]
[Black "Lenic, Luka"]
[Result "1/2-1/2"]
[WhiteElo "2607"]
[BlackElo "2650"]
[Annotator "Edouard,R"]
[PlyCount "164"]
[EventDate "2017.10.28"]
[EventType "team-swiss"]
[EventRounds "9"]
[EventCountry "GRE"]
[SourceTitle "CBM 182"]
[Source "ChessBase"]
[SourceDate "2018.01.17"]
[SourceVersion "1"]
[SourceVersionDate "2018.01.17"]
[SourceQuality "1"]
[WhiteTeam "France"]
[BlackTeam "Slovenia"]
[WhiteTeamCountry "FRA"]
[BlackTeamCountry "SLO"]

1. Nf3 Nf6 2. c4 c6 3. g3 d5 4. Bg2 e6 5. O-O Be7 6. b3 O-O 7. Bb2 b6 8. e3 {
This is part of White's plan, but after this game I concluded this wasn't a
smart move order.} (8. Nc3 $1 {first, provoking} Bb7 {looks better:} (8... d4
$2 9. Na4 $16) 9. e3 Nbd7 10. Qe2 {with two possible plans: d3 with the idea
to play e4 soon, or d4 with the idea of Rfd1-Rac1-Ne1-Nd3, which is the plan
Adrien Demuth suggests in his book.}) 8... b5 $5 9. d3 a5 10. a3 {I wasn't too
happy with this move but somehow wasn't convinced by any other.} ({But it
seems like} 10. Nbd2 $5 {was an option, with the idea} a4 11. e4 a3 12. Be5 $1
Nbd7 13. Bf4 $1 {with quite interesting play, for example} Nc5 14. Ne5 Bb7 15.
Qe2 $36) 10... Ba6 11. Nbd2 Nbd7 12. Qc2 Bd6 $6 {Probably wanting to prevent
Ne5, but two tempi are a bit too much.} (12... Rc8 13. Ne5 Nxe5 14. Bxe5 Nd7 (
14... c5 $5 15. a4 $36) 15. Bc3 $1 {and it isn't so easy for Black to continue,
although the position is probably fine.}) 13. e4 Be7 (13... dxe4 14. Nxe4 Nxe4
15. dxe4 $14 e5 $140 $2 16. Rfd1 Qe7 17. Qd3 $18) 14. Rfd1 Rc8 15. e5 Ne8 16.
d4 $6 (16. b4 $1 {was stronger:} c5 17. bxc5 Nxc5 (17... bxc4 18. d4 $16) 18.
d4 $16) 16... c5 $6 ({Black should first exchange one pair of pawns:} 16...
bxc4 17. bxc4 c5 18. cxd5 exd5 {and Black should be fine.}) 17. cxd5 exd5 18.
Nf1 (18. Bh3 $5 Rc7 19. Qc3 $1 $16) 18... c4 19. bxc4 Rxc4 $1 {The only way to
get counterplay.} (19... bxc4 $2 20. Ne3 $18) 20. Qd2 b4 21. Ne3 Nb6 22. Nf5 $2
{Pointless: White should just take the material.} (22. Nxc4 Nxc4 23. Qc2 bxa3 (
23... Nxb2 24. Qxb2 bxa3 25. Rxa3 $18) 24. Bc1 {with a huge advantage.}) 22...
Bc8 23. Nxe7+ Qxe7 24. axb4 axb4 25. Nh4 f5 $5 26. Ra5 Nc7 27. f4 Bb7 28. Bf1
Ne6 $4 {Basically, the only idea of putting the rook on a5 was that the knight
would be unable to move from c7. But the fact it did move didn't affect me
that much after all!} (28... Rc6 29. Rb1 Nc4 30. Bxc4 dxc4 31. Ba3 $1 $16) 29.
Ra7 $4 {From this moment on I started to blunder everything.} (29. Rb5 $18)
29... Rc7 30. Qd3 Nxf4 31. Qb5 Nc8 32. Raa1 Ne6 33. Rac1 Rxc1 34. Bxc1 f4 35.
Bd2 ({The engine gives a very funny draw:} 35. Bh3 $1 Ng5 36. Bd7 Rf7 37. Be8
Rf8 38. Bd7 $11) 35... fxg3 36. hxg3 Nxd4 37. Qxb4 Qxe5 38. Bf4 Ne2+ 39. Bxe2
Qxe2 40. Re1 Qa6 {We have reached move 40 and I was very fortunate that the
position wasn't an easy win for Black.} 41. Nf3 d4 $4 {An insane blunder!} (
41... Ba8 42. Nd4 $17) 42. Nxd4 $4 {Jumping on the pawn!} ({But} 42. Qb3+ Kh8
43. Qf7 $1 {was winning at once!}) 42... Bd5 43. Re5 Qa1+ 44. Re1 Qa2 45. Re2
Qa7 46. Re5 Nb6 47. Re7 Qa1+ 48. Re1 Qa2 49. Re2 Qa6 50. Re5 $2 Nd7 51. Re7
Qa1+ $2 (51... g5 $1 {would have been a nasty surprise:} 52. Qc3 $8 (52. Rxd7
Qa1+ 53. Kf2 gxf4 $19) (52. Bxg5 Qf1+ $19) 52... Nf6 $1 (52... gxf4 53. Rxd7
Qg6 54. Rxd5 Qb1+ 55. Kh2 Qa2+ 56. Ne2 $1 Qxd5 57. Nxf4 {should be a draw.})
53. Be5 Rc8 $19) 52. Re1 Qa2 53. Re2 Qa8 54. Re7 Nf6 55. Nf5 Qa1+ 56. Re1 Qa7+
57. Be3 Qd7 (57... Qf7 58. Bd4 $44) 58. Ne7+ Kf7 59. Nxd5 Qxd5 60. Rb1 Re8 (
60... Qf5 61. Qc4+ Kg6 62. Rf1 $15) 61. Qb7+ Kg6 62. Qxd5 Nxd5 63. Bf2 h5 64.
Rb5 Nc3 65. Ra5 Re2 66. Bd4 Ne4 67. Bxg7 Nxg3 68. Be5 Ne4 69. Bg3 Re3 70. Bh4
Rh3 71. Be1 Rb3 72. Bh4 Rc3 73. Kg2 Nc5 74. Bf2 Ne6 75. Bg3 Nd4 76. Bf4 h4 77.
Rg5+ Kf6 78. Rd5 Rc2+ 79. Kh3 Nf5 80. Ra5 Rf2 81. Ra6+ Kf7 82. Bg5 Ng7 1/2-1/2

[Event "Telechess ol2 8182"]
[Site "telex"]
[Date "1981.11.28"]
[Round "2.5"]
[White "Espig, Lutz"]
[Black "Nowak, Ignacy"]
[Result "1-0"]
[WhiteElo "2440"]
[BlackElo "2370"]
[Annotator "Espig,L"]
[PlyCount "59"]
[EventDate "1981.06.30"]
[EventType "team-k.o."]
[EventRounds "4"]
[SourceTitle "EXT 2012"]
[Source "ChessBase"]
[SourceDate "2011.11.24"]
[SourceVersion "1"]
[SourceVersionDate "2011.11.24"]
[SourceQuality "1"]
[WhiteTeam "German Dem Rep"]
[BlackTeam "Poland"]
[WhiteTeamCountry "DDR"]
[BlackTeamCountry "POL"]

{SCHACH 1/1982} 1. Nf3 Nf6 2. c4 e6 3. g3 d5 4. b3 c5 5. Bg2 Nc6 6. O-O Be7 7.
e3 O-O 8. Bb2 b6 ({Einen komplizierten Kampf gibt es sowohl nach} 8... dxc4) ({
als auch nach} 8... d4) 9. Nc3 Bb7 10. cxd5 Nxd5 (10... exd5 11. d4 {führt zu
Vorteil für Weiß.}) 11. Nxd5 Qxd5 12. d4 Na5 $6 ({Der Normalzug ist} 12... Rfd8
) 13. e4 $1 Qh5 (13... Qxe4 $2 14. Nh4 $1 {und die Dame ist mitten auf dem
Brett gefangen.}) 14. dxc5 Rfd8 $8 15. Qe2 Qxc5 ({In Sochi 1981 spielte der
Bulgare Lukov gegen mich} 15... Bxc5 {und erreichte nach schwerem Kampf
annähernd Ausgleich.}) 16. Rac1 Qh5 17. h3 Nc6 18. a3 Rac8 19. b4 {Durch die
Abseitsstellung der schwarzen Dame hat Weiß nun klaren Vorteil.} Bd6 $2 20.
Rfd1 Bb8 21. Rxd8+ Rxd8 22. Rd1 Re8 {Nach Turmtausch verliert Schwarz durch
die Drohung Dd7 entscheidendes Material.} 23. Qc2 h6 24. Rd7 Ba8 25. Qd3 Qg6 $2
26. b5 {Gewinnt eine Figur.} Na5 27. Rd8 f6 28. Qd7 Rf8 ({Oder} 28... Kf8 29.
Rxb8 $1) 29. Qc8 $1 Rxd8 30. Qxd8+ 1-0

[Event "Sao Paulo m"]
[Site "Sao Paulo"]
[Date "2009.09.23"]
[Round "1"]
[White "Fier, Alexandr"]
[Black "Mecking, Henrique"]
[Result "1-0"]
[WhiteElo "2644"]
[BlackElo "2542"]
[Annotator "Fier,A"]
[PlyCount "77"]
[EventDate "2009.09.23"]
[EventType "match"]
[EventRounds "4"]
[EventCountry "BRA"]
[SourceTitle "CBM 133"]
[Source "ChessBase"]
[SourceDate "2009.11.19"]
[SourceVersion "1"]
[SourceVersionDate "2009.11.19"]
[SourceQuality "1"]

{It was the first game of the match... Mecking was a very strong player in the
70's and he played a lot of matches, so I knew that this woudn't be an easy
task. I had been playing some tournaments in Spain and I arrived in Brazil
just one day before the match. I decided to play something different.} 1. c4 {
I think maybe that wass the first time that I had played 1.c4 since I became a
GM!} e6 2. Nf3 d5 3. b3 Nf6 4. Bb2 Be7 5. g3 dxc4 (5... O-O 6. Bg2 c5 7. O-O
Nc6 8. e3 b6 9. Nc3 Bb7 {is the main line and the game is level.}) 6. bxc4 {
The big advantage of this position is, that is not easy to find any rupture
and White has good potential on the kingside.} b6 7. Bg2 Bb7 8. O-O c5 9. e3
O-O 10. d3 Nc6 11. Qe2 Rc8 $6 (11... Qc7 {I was expecting this move, which is
more flexible... After this, the game could go for:} 12. Nc3 a6 13. Rfd1 Rfd8
14. Rab1 Rab8 15. Ba1 {and White can try some crazy stuff with h3, g4, or play
with d4 at some point.}) 12. Nc3 Qc7 13. Nd2 $5 {[%csl Ge4,Rf6][%cal Gf2f5,
Gg3g5] The idea of this move is simple... Go with the knight to e4 to exchange
a defender and clear the way for the f- and g-pawns!} Rcd8 {Changing his plan,
trying to exert pressure on the d-file. Otherwise is not easy to find a good
plan for Black.} 14. Rad1 Rd7 15. f4 Nb4 16. Nf3 {Now the knight is more
effective on f3 looking for e5, the knight on b4 is poorly placed, so he need
to find an active plan... In the game I thought that I was already better in
this position.} Bxf3 17. Bxf3 a6 $2 (17... Rfd8 {was better, but White has the
advantage with} 18. d4 $1 (18. a3 {is interesting too} Nxd3 19. Nb5 Qb8 20. Ba1
{and the knight on d3 has nowhere to go but is not easy to attack it.}) 18...
cxd4 19. exd4 $14) 18. a3 Nc6 19. g4 {Now White has the centere consolidated
and the pawns are ready for the pawn storm!} Ne8 20. Qg2 Na5 {[%csl Ra5]} 21.
Ne4 {[%cal Gb2g7,Gf4f6,Gg4g6]} Nd6 22. Qh3 $1 {Prophylaxis! Played against ...
Nxe4, in time trouble, Black was unable to find how to defend this difficult
position.} Qd8 (22... Nxe4 23. Bxe4 g6 24. Qh6 f6 25. Bxg6 $18) 23. Nxd6 Rxd6
24. Be5 Rd7 25. Be4 {[%csl Ge4,Ge5]} g6 26. Rb1 $1 {The main idea is to avoid
Bf6, and only after this continue with the attack.} Re8 (26... Rxd3 $5 27. f5
$1 Bh4 (27... exf5 28. gxf5 Bh4 29. fxg6 hxg6 30. Bxd3 $18) 28. fxe6 Nxc4 (
28... fxe6 29. Rxf8+ Kxf8 30. Qf3+ Kg8 31. Bxd3 Qxd3 32. Rf1 $18) 29. exf7+
Rxf7 30. Rxf7 Nxe5 31. Bxd3 Nxf7 32. Bxa6 $16) 27. g5 Bf8 28. Bf6 Qc7 29. Rf3 {
Now it is over.} Bg7 30. Bxg7 Kxg7 31. Qh6+ Kh8 32. Rh3 f5 33. gxf6 Rf7 34.
Bxg6 Rxf6 35. Qxh7+ Qxh7 36. Rxh7+ Kg8 37. Bxe8 Kxh7 38. Rxb6 Kg7 39. Ba4 {
A good first match experience!} 1-0

[Event "Barcelona Casino"]
[Site "Barcelona"]
[Date "2007.10.19"]
[Round "2"]
[White "Krasenkow, Michal"]
[Black "Nakamura, Hikaru"]
[Result "0-1"]
[WhiteElo "2668"]
[BlackElo "2648"]
[Annotator "Ftacnik,L"]
[PlyCount "56"]
[EventDate "2007.10.18"]
[EventType "tourn"]
[EventRounds "9"]
[EventCountry "ESP"]
[EventCategory "15"]
[SourceTitle "CBM 121"]
[Source "ChessBase"]
[SourceDate "2007.11.14"]
[SourceVersion "1"]
[SourceVersionDate "2007.11.14"]
[SourceQuality "1"]

1. Nf3 Nf6 2. c4 e6 3. g3 d5 4. Bg2 Be7 5. O-O O-O 6. b3 a5 7. Nc3 c6 8. d4
Nbd7 9. Qc2 b6 10. e4 Ba6 11. Nd2 c5 {Nakamura plays very active chess. It is
only natural that he stirs up trouble before White has managed to develop his
dark-squared bishop.} 12. exd5 (12. dxc5 d4 13. Nb5 Bxc5 14. e5 Nxe5 15. Bxa8
Qxa8 $15) 12... cxd4 13. Nb5 exd5 (13... Bxb5 14. dxe6 $1 (14. cxb5 $2 Nxd5 $17
) 14... Bxc4 15. Qxc4 Rc8 16. exf7+ Rxf7 17. Qxd4 $14) 14. Nxd4 Rc8 15. Re1 b5
16. Bb2 {This seems to be the first independent move in a situation, when both
sides are firing at the centre with most of their forces. Black is balancing
the active location of the white knight on d4 with the unpleasant pressure
against the c4 pawn.} (16. Qf5 bxc4 17. bxc4 Bxc4 18. Nxc4 Rxc4 19. Bb2 Bb4 20.
Red1 Re8 21. Bxd5 Nxd5 22. Qxd5 Nb6 23. Qh5 Qf6 $11 {1-0 Truskavetsky,A (2284)
-Grabinsky,V (2258)/Alushta 2002 (34)}) 16... Re8 (16... bxc4 17. bxc4 Nb6 18.
Nf5 Bc5 19. Bh3 $13) 17. Qd1 $2 {Krasenkow is becoming nervous and retreats
his queen to its initial location. Objectively speaking, it can not be the
best move, even though the refutation is spectacular.} (17. Nf5 Bc5 18. h3 Re6
$15) 17... bxc4 18. bxc4 Qb6 $1 (18... Bxc4 19. Nxc4 Rxc4 20. Nf5 Bc5 $15) (
18... dxc4 $2 19. Nc6 Qb6 20. Nxe7+ Rxe7 21. Rxe7 Qxb2 22. Ne4 $16) 19. Rb1
dxc4 $1 {It becomes clear, that White needs a good trick to reverse the
unfavourable development of the game.} (19... Bc5 20. Ba3 Rxe1+ 21. Qxe1 $13)
20. Nc6 $2 (20. Bc3 Qc5 21. Qc2 $17) 20... Rxc6 21. Bxf6 (21. Bxc6 Qxc6 $19)
21... Qxf2+ $3 {[%mdl 192] A beautiful combination in the style of the old
masters. The fact that queen is unprotected and seemingly unsupported makes
the shot truly spectacular.} 22. Kxf2 (22. Kh1 Qxf6 $19) 22... Bc5+ 23. Kf3 (
23. Kf1 c3+ $1 (23... Rxf6+ $4 24. Bf3 c3+ 25. Kg2 $18) 24. Re2 c2 $19) (23.
Bd4 Bxd4+ 24. Kf3 Rf6+ 25. Kg4 Ne5+ 26. Kg5 Bc8 $19) 23... Rxf6+ 24. Kg4 Ne5+
$1 {The finale of the game is cat and mouse play. The naked white king has no
chance to survive among the pack of wild black pieces.} 25. Kg5 (25. Rxe5 Bc8+
$1 26. Rf5 Bxf5+ 27. Kh4 Rh6+ 28. Kg5 Bc8 $19) 25... Rg6+ 26. Kh5 f6 (26... Bc8
27. Ne4 Be7 $19) 27. Rxe5 Rxe5+ 28. Kh4 Bc8 $1 (28... Bc8 $1 29. g4 Bf2+ 30.
Kh3 Rh6# (30... Rh5#)) 0-1

[Event "CUB-ch"]
[Site "Holguin"]
[Date "2002.04.06"]
[Round "6"]
[White "Alvarez, Jose"]
[Black "Gonzalez Vidal, Yuri"]
[Result "1/2-1/2"]
[WhiteElo "2403"]
[BlackElo "2444"]
[Annotator "Hecht,H"]
[PlyCount "119"]
[EventDate "2002.03.31"]
[EventType "tourn"]
[EventRounds "17"]
[EventCountry "CUB"]
[EventCategory "9"]
[SourceTitle "CBM 089"]
[Source "ChessBase"]
[SourceDate "2002.08.12"]
[SourceVersion "1"]
[SourceVersionDate "2002.08.12"]
[SourceQuality "1"]

1. c4 Nf6 2. g3 e6 3. Nf3 d5 4. b3 Be7 5. Bb2 O-O 6. Bg2 b6 7. O-O Bb7 8. e3 c5
9. Nc3 Nc6 10. cxd5 exd5 11. d4 cxd4 12. Nxd4 Qd7 13. Nxc6 Bxc6 14. Qd3 Rfd8
15. Rfd1 Bf8 16. Rac1 Rac8 17. a4 a5 18. Nb5 Bxb5 19. Qxb5 Qxb5 20. axb5 Ne4
21. Rc6 Bc5 22. Rxd5 Nd6 23. Rg5 Ne8 24. Rxc8 Rxc8 25. Bc6 f6 26. Rd5 Nd6 27.
Bc3 Kf7 28. Bd4 Bxd4 29. Rxd4 Rd8 30. Kf1 Ke7 31. Ke2 Nf7 32. Rxd8 Nxd8 {
Läufer mit Mehrbauer; teilweise Blockadestellung für die Springerpartei.} 33.
Be4 h6 34. Kd3 Kd6 35. Kc4 Ne6 36. f4 g5 37. Bf5 Nc5 38. e4 Nb7 39. Kd4 gxf4
40. gxf4 Nc5 41. e5+ fxe5+ 42. fxe5+ Ke7 43. Kc4 (43. Kd5 Nxb3 44. Kc6 $2 Nd4+)
43... Kf7 44. Kd5 Ke7 45. Kc6 $2 (45. Bc2 $1 Kd7 46. h3 Ke7 47. Kc6 Nd7 48. Bf5
Nxe5+ 49. Kxb6 $18 {wegen dem doppelten b-Bauern und trotz dem falschen
Ranbauern.}) 45... Nxb3 46. Kxb6 a4 47. Bc2 Ke6 48. Kc7 Kxe5 49. b6 Nc5 $11 50.
Bxa4 Nxa4 51. b7 Nc5 52. Kc6 Nxb7 53. Kxb7 Kf4 54. Kc6 h5 55. Kd5 h4 56. Kd4
Kf3 57. Kd3 h3 58. Kd2 Kf2 59. Kd1 Kg2 60. Ke2 1/2-1/2